Statistics for Hexadecimal color codes

Click here to take the quiz!

General Stats

  • This quiz has been taken 25 times
  • The average score is 4 of 8

Answer Stats

QuestionAnswer% Correct
What color is #000000?
87%
What color is #FFFFFF?
83%
What color is #808080?
61%
What color is #C7042C?
48%
What color is #006AA8?
48%
What color is #008640?
39%
What color is #FFC500?
30%
What color is #FF4D0A?
30%

Score Distribution

Percentile by Number Answered

Percent of People with Each Score

Your Score History

You have not taken this quiz